Datum a čas kvízu
16.5
Celkem bodů
Celkový počet nahraných bodů na tomto kvízu bez doplňovacích otázek.
11.
Pořadí na kvízu
Konečné umístění týmu na tomto kvízu.
Zaznamenané odpovědi
| # | Otázka | Odpověď | Body | Výsledky |
|---|---|---|---|---|
| 1. | Co bylo hlavní motivací kavárn... | C | 0 | |
| 2. | Na Slovensku byl schválen záko... | B | 0 | |
| 3. | „Mí rodiče celý můj život kont... | Beckhamových | 1 | |
| 4. | Nápojářská skupina Kofola zaví... | Nobilis Tilia | 0 | |
| 5. | Minulý týden česká média infor... | plyšovým aligátorem | 1 | |
| 6. | Jak se jmenuje horolezec, jenž... | Radek Jaroš | 1 | |
| 7. | Jak se trojslovně jmenuje tato... | lezení na rychlost | 1 | |
| 8. | Jak se jedním slovem nazývá ho... | mačky | 1 | |
| 9. | Po půl bodu můžete získat, kdy... | El Capitan, Yosemite | 0.5 | |
| 10. | Jak se jmenuje fenomenální slo... | B) Janja Garnbret | 0 |